[Event "Xtracon Skakligaen"]
[Site "Denmark"]
[Date "2016.01.24"]
[Round "6.5"]
[White "Hansen, Soren Bech"]
[Black "Stojanovski, Sandi"]
[Result "0-1"]
[WhiteElo "2263"]
[BlackElo "2250"]
[PlyCount "106"]
[EventDate "2015.10.31"]
[EventType "team-tourn"]
[EventRounds "9"]
[EventCountry "DEN"]
[WhiteTeam "Obro"]
[BlackTeam "Hillerod"]
[WhiteTeamCountry "DEN"]
[BlackTeamCountry "DEN"]

1. e4 c5 2. Nf3 Nc6 3. Bb5 g6 4. Bxc6 dxc6 5. O-O Bg7 6. d3 Nf6 7. Nc3 O-O 8.
h3 Re8 9. Be3 b6 10. Qd2 e5 11. Bh6 Bh8 12. Nh2 Nd7 13. Ng4 Nf8 14. Bg5 f6 15.
Nh6+ Kg7 16. Be3 Ne6 17. Ne2 Ng5 18. Ng4 h5 19. Nh2 c4 20. f4 exf4 21. Nxf4
cxd3 22. cxd3 Kh7 23. Rac1 Bb7 24. Qf2 Ne6 25. g4 Nxf4 26. Qxf4 Bg7 27. Rcd1
hxg4 28. Nxg4 Re6 29. h4 Qd6 30. Qf3 Rh8 31. Nf2 c5 32. Bf4 Qe7 33. Qg3 Kg8 34.
Qxg6 Rxh4 35. Bg3 Rh6 36. Qf5 Qf7 37. Ng4 Rh5 38. Qf4 Qg6 39. Nh2 c4 40. Rf3
Kh7 41. dxc4 Rxe4 42. Qc7 Re7 43. Qf4 Bxf3 44. Qxf3 Rf5 45. Qg2 Bh6 46. Nf1 Bf4
47. Rd3 Bxg3 48. Rxg3 Rxf1+ 49. Kxf1 Qb1+ 50. Kf2 Qe1+ 51. Kf3 Qe3+ 52. Kg4
Rg7+ 53. Kh5 Qh6# 0-1

[Event "Xtracon Skakligaen"]
[Site "Denmark"]
[Date "2016.01.24"]
[Round "6.6"]
[White "Ostergaard, Jens"]
[Black "Skousen, Nikolai"]
[Result "1/2-1/2"]
[WhiteElo "2254"]
[BlackElo "2225"]
[PlyCount "129"]
[EventDate "2015.10.31"]
[EventType "team-tourn"]
[EventRounds "9"]
[EventCountry "DEN"]
[WhiteTeam "Hillerod"]
[BlackTeam "Obro"]
[WhiteTeamCountry "DEN"]
[BlackTeamCountry "DEN"]

1. d4 Nf6 2. Nf3 g6 3. c4 Bg7 4. Nc3 O-O 5. e4 d6 6. Be2 Na6 7. O-O e5 8. Be3
Ng4 9. Bg5 Qe8 10. dxe5 dxe5 11. h3 f6 12. Bd2 Nh6 13. c5 Nxc5 14. Qc1 Nf7 15.
Nd5 Ne6 16. Nxc7 Nxc7 17. Qxc7 Nd8 18. Be3 Be6 19. Rfd1 Rf7 20. Qa5 Nc6 21. Qa4
Bf8 22. Bc4 Kg7 23. Rac1 Bxc4 24. Qxc4 Rd7 25. Rd5 Rad8 26. Rcd1 Na5 27. Qc3
Nc6 28. Bh6+ Kg8 29. Rxd7 Rxd7 30. Qb3+ Rf7 31. Be3 Kg7 32. a3 b6 33. Qa4 Qe6
34. Rd5 Rd7 35. Rxd7+ Qxd7 36. Qc4 Ne7 37. Kh2 Qc6 38. Nd2 Qd7 39. b4 h5 40.
Nf3 Nc8 41. Qc1 Be7 42. Qc4 Bd6 43. Qd5 Ne7 44. Qa8 Nc8 45. Qd5 Ne7 46. Qa8 Qc7
47. Qe8 Qc8 48. Qb5 Qc6 49. Qxc6 Nxc6 50. Ne1 Kf7 51. Nd3 Ke6 52. Kg1 f5 53. f3
Be7 54. Kf1 Nd8 55. Ke2 Nb7 56. Nb2 Nd6 57. Kd3 Bd8 58. Nc4 Nb7 59. a4 Be7 60.
Bd2 Bd8 61. Be3 Bc7 62. Bf2 Bd8 63. Be3 Bc7 64. Bf2 Bd8 65. Be3 1/2-1/2

[Event "Xtracon Skakligaen"]
[Site "Denmark"]
[Date "2016.01.24"]
[Round "6.7"]
[White "Simonsen, Carsten"]
[Black "Nordenbaek, Jan"]
[Result "1/2-1/2"]
[WhiteElo "2217"]
[BlackElo "2196"]
[PlyCount "103"]
[EventDate "2015.10.31"]
[EventType "team-tourn"]
[EventRounds "9"]
[EventCountry "DEN"]
[WhiteTeam "Obro"]
[BlackTeam "Hillerod"]
[WhiteTeamCountry "DEN"]
[BlackTeamCountry "DEN"]

1. d4 Nf6 2. Bg5 Ne4 3. Bf4 d5 4. e3 c5 5. Bd3 Qb6 6. Bxe4 dxe4 7. Nc3 cxd4 8.
Qxd4 Qxd4 9. exd4 Bf5 10. Nge2 Bg6 11. O-O-O Nd7 12. Nb5 Kd8 13. d5 a6 14. Nbd4
Ke8 15. Nc3 Rc8 16. Rhe1 Nf6 17. Rd2 Rxc3 18. bxc3 Nxd5 19. Nb5 e6 20. Nc7+
Nxc7 21. Bxc7 Ba3+ 22. Kb1 Ke7 23. Red1 Rc8 24. Bd8+ Ke8 25. Ba5 Bc5 26. Bb4
Bh5 27. Re1 f5 28. Bxc5 Rxc5 29. Rd6 Rb5+ 30. Kc1 Ke7 31. Rd4 Rc5 32. Kd2 Be8
33. f3 Bc6 34. fxe4 Bxe4 35. g4 g6 36. gxf5 gxf5 37. Rg1 Kf6 38. Rd7 f4 39. Rd4
Rd5 40. Re1 e5 41. Rxd5 Bxd5 42. Kd3 Kf5 43. c4 Bf3 44. Rg1 e4+ 45. Kd4 e3 46.
Kd3 Be4+ 47. Ke2 Bxc2 48. Rg7 Ke4 49. Re7+ Kd4 50. Rd7+ Ke4 51. Re7+ Kd4 52.
Rd7+ 1/2-1/2

[Event "Xtracon Skakligaen"]
[Site "Denmark"]
[Date "2016.01.24"]
[Round "6.8"]
[White "Andersen, Ib Hother"]
[Black "Rhee, Alexander Kasper"]
[Result "1-0"]
[WhiteElo "2142"]
[BlackElo "2214"]
[PlyCount "117"]
[EventDate "2015.10.31"]
[EventType "team-tourn"]
[EventRounds "9"]
[EventCountry "DEN"]
[WhiteTeam "Hillerod"]
[BlackTeam "Obro"]
[WhiteTeamCountry "DEN"]
[BlackTeamCountry "DEN"]

1. d4 f5 2. Nf3 g6 3. g3 Bg7 4. Bg2 Nf6 5. O-O O-O 6. c4 d6 7. Nc3 c6 8. Re1
Na6 9. a3 Ne4 10. Nxe4 fxe4 11. Ng5 d5 12. cxd5 cxd5 13. Be3 Qb6 14. Qd2 Nb8
15. f3 Nc6 16. Rad1 Na5 17. Qb4 Nc4 18. Qxb6 axb6 19. Bc1 e3 20. f4 Rd8 21. Bh3
Bxh3 22. Nxh3 h6 23. Kg2 Rd6 24. Rd3 Re6 25. Ng1 g5 26. fxg5 hxg5 27. h3 Re4
28. Nf3 g4 29. hxg4 e5 30. dxe5 Rd8 31. Red1 Nxe5 32. Rxd5 Rf8 33. Rd8 Nxg4 34.
Rxf8+ Kxf8 35. b3 Ke8 36. a4 b5 37. axb5 Rb4 38. Rd3 Bh6 39. Rd4 Rxd4 40. Nxd4
Kf7 41. Kf3 Nh2+ 42. Ke4 Nf1 43. g4 Kf6 44. Nf5 Nd2+ 45. Kd3 Nxb3 46. Bb2+ Kg5
47. Nxh6 Kxh6 48. Kxe3 Kg5 49. Ke4 Kxg4 50. Kd5 Kf5 51. e4+ Kg6 52. e5 Kf7 53.
Kd6 Ke8 54. Kc7 Nc5 55. Ba3 Nd3 56. Bd6 Nf4 57. b6 Nd5+ 58. Kxb7 Kd7 59. Ka7
1-0

[Event "Xtracon Skakligaen"]
[Site "Denmark"]
[Date "2016.01.24"]
[Round "6.1"]
[White "Jensen, Bjarke"]
[Black "Ochsner, Bjorn Moller"]
[Result "0-1"]
[WhiteElo "2366"]
[BlackElo "2405"]
[PlyCount "56"]
[EventDate "2015.10.31"]
[EventType "team-tourn"]
[EventRounds "9"]
[EventCountry "DEN"]
[WhiteTeam "Jetsmark"]
[BlackTeam "AarhusSkolerne"]
[WhiteTeamCountry "DEN"]
[BlackTeamCountry "DEN"]

1. e4 e5 2. Nf3 Nc6 3. Bb5 a6 4. Ba4 Nf6 5. O-O b5 6. Bb3 Bc5 7. d3 O-O 8. Nc3
h6 9. Be3 d6 10. Qe1 Bg4 11. Nh4 Nd4 12. f3 Be6 13. Bxd4 Bxd4+ 14. Kh1 Qd7 15.
g4 Rae8 16. Qc1 Qd8 17. Ng2 d5 18. Ne2 Bb6 19. Ng3 c5 20. a4 c4 21. Ba2 Nh7 22.
Nf5 h5 23. h3 hxg4 24. hxg4 g6 25. Nfe3 dxe4 26. dxe4 Kg7 27. Kh2 Ng5 28. Kg3
Qf6 0-1

[Event "Xtracon Skakligaen"]
[Site "Denmark"]
[Date "2016.01.24"]
[Round "6.2"]
[White "Hagen, Andreas Skytte"]
[Black "Christensen, Stefan"]
[Result "1/2-1/2"]
[WhiteElo "2396"]
[BlackElo "2266"]
[PlyCount "81"]
[EventDate "2015.10.31"]
[EventType "team-tourn"]
[EventRounds "9"]
[EventCountry "DEN"]
[WhiteTeam "AarhusSkolerne"]
[BlackTeam "Jetsmark"]
[WhiteTeamCountry "DEN"]
[BlackTeamCountry "DEN"]

1. d4 Nf6 2. c4 e6 3. Nf3 b6 4. g3 Bb7 5. Bg2 Be7 6. O-O O-O 7. Nc3 Ne4 8. Nxe4
Bxe4 9. Ne1 Bxg2 10. Nxg2 d5 11. Qa4 dxc4 12. Qxc4 c5 13. dxc5 Bxc5 14. Be3 Nd7
15. Rfd1 Qe7 16. Rac1 Rfd8 17. a3 Bxe3 18. Nxe3 Nf6 19. f3 h6 20. Kf2 Rxd1 21.
Rxd1 Rd8 22. Ke1 Rxd1+ 23. Nxd1 Qd7 24. Nc3 Nd5 25. Qd3 Qc6 26. Nxd5 exd5 27.
Kd2 f6 28. h4 Kf7 29. h5 Ke6 30. Qg6 Qb5 31. Qxg7 Qxb2+ 32. Ke1 Qc1+ 33. Kf2 a5
34. Qg8+ Ke7 35. a4 Qc5+ 36. Kf1 Qc1+ 37. Kf2 Qc5+ 38. Kg2 Qe3 39. Kf1 Qc1+ 40.
Kg2 Qe3 41. Kf1 1/2-1/2

[Event "Xtracon Skakligaen"]
[Site "Denmark"]
[Date "2016.01.24"]
[Round "6.3"]
[White "Rosenkilde, Alexander"]
[Black "Skytte, Rasmus"]
[Result "1/2-1/2"]
[WhiteElo "2197"]
[BlackElo "2413"]
[PlyCount "60"]
[EventDate "2015.10.31"]
[EventType "team-tourn"]
[EventRounds "9"]
[EventCountry "DEN"]
[WhiteTeam "Jetsmark"]
[BlackTeam "AarhusSkolerne"]
[WhiteTeamCountry "DEN"]
[BlackTeamCountry "DEN"]

1. d4 Nf6 2. c4 c5 3. d5 b5 4. cxb5 a6 5. bxa6 g6 6. Nc3 Bg7 7. g3 d6 8. Nf3
Nxa6 9. Bg2 O-O 10. O-O Nc7 11. Re1 Ba6 12. e4 Nd7 13. Rb1 Nb5 14. Ne2 Qb6 15.
Be3 Rfb8 16. a4 Nc7 17. b4 Bxe2 18. Rxe2 Qa6 19. Ra2 Rxb4 20. Rxb4 cxb4 21. Bf1
Qb7 22. Qb3 e6 23. Bc4 exd5 24. exd5 Na6 25. Bxa6 Rxa6 26. Bd2 Nf6 27. Qxb4
Qxb4 28. Bxb4 Nxd5 29. Bd2 Bc3 30. Be3 f5 1/2-1/2

[Event "Xtracon Skakligaen"]
[Site "Denmark"]
[Date "2016.01.24"]
[Round "6.4"]
[White "Sorensen, Jan"]
[Black "Rathlev, Jakob"]
[Result "1/2-1/2"]
[WhiteElo "2435"]
[BlackElo "2240"]
[PlyCount "123"]
[EventDate "2015.10.31"]
[EventType "team-tourn"]
[EventRounds "9"]
[EventCountry "DEN"]
[WhiteTeam "AarhusSkolerne"]
[BlackTeam "Jetsmark"]
[WhiteTeamCountry "DEN"]
[BlackTeamCountry "DEN"]

1. e4 c6 2. d4 d5 3. e5 c5 4. Ne2 Nc6 5. c3 Bf5 6. dxc5 e6 7. Nd4 Bxb1 8. Rxb1
Bxc5 9. b4 Bb6 10. Nxc6 bxc6 11. Qg4 Kf8 12. Bd3 f5 13. exf6 Nxf6 14. Qxe6 Qe8
15. Qe2 Qxe2+ 16. Kxe2 Re8+ 17. Kf3 Nd7 18. Bf4 g5 19. Bd6+ Kg7 20. Rhe1 h5 21.
h3 g4+ 22. hxg4 hxg4+ 23. Kg3 Nf6 24. f4 Kf7 25. Re5 Bd8 26. Rbe1 Ne4+ 27.
R1xe4 dxe4 28. Rxe4 Bf6 29. Kxg4 Rxe4 30. Bxe4 Bxc3 31. Bxc6 Rd8 32. Bc7 Rc8
33. Bd5+ Kf6 34. Ba5 Rb8 35. Kf3 Bxb4 36. Bc7 Rb5 37. Be5+ Kg6 38. Bc4 Rxe5 39.
fxe5 Kf5 40. e6 Kf6 41. Ke4 a5 42. Kd5 Ke7 43. Ke5 a4 44. Kf5 a3 45. Kg6 Bd2
46. g4 Be3 47. g5 Bd2 48. Kh5 Bc3 49. g6 Bg7 50. Kg5 Bf8 51. Kf5 Bg7 52. Bb3
Bf8 53. Ke5 Bg7+ 54. Kd5 Bf8 55. Bc2 Kf6 56. Bf5 Ke7 57. Kc6 Bg7 58. Kc5 Bf8
59. Kb4 Kf6+ 60. Kb3 Be7 61. Ka4 Bf8 62. Kb5 1/2-1/2

[Event "Xtracon Skakligaen"]
[Site "Denmark"]
[Date "2016.01.24"]
[Round "6.5"]
[White "Grubert, Christian"]
[Black "Christensen, Tobias Bent"]
[Result "1/2-1/2"]
[WhiteElo "2155"]
[BlackElo "2349"]
[PlyCount "70"]
[EventDate "2015.10.31"]
[EventType "team-tourn"]
[EventRounds "9"]
[EventCountry "DEN"]
[WhiteTeam "Jetsmark"]
[BlackTeam "AarhusSkolerne"]
[WhiteTeamCountry "DEN"]
[BlackTeamCountry "DEN"]

1. Nf3 d5 2. g3 g6 3. Bg2 Bg7 4. O-O e5 5. d3 Nc6 6. e4 Nge7 7. Nbd2 O-O 8. Re1
Re8 9. exd5 Nxd5 10. Nc4 Nb6 11. Nxb6 axb6 12. Be3 e4 13. dxe4 Qxd1 14. Raxd1
Rxa2 15. Bf4 Rxb2 16. Bxc7 b5 17. Re2 Bg4 18. h3 Bxf3 19. Bxf3 Nd4 20. Re3 Rxc2
21. Bb6 Nxf3+ 22. Rxf3 Rc3 23. Rxc3 Bxc3 24. Rd7 Rxe4 25. Rxb7 b4 26. Be3 h5
27. Kf1 h4 28. g4 Re5 29. Ke2 f5 30. Kf3 Kf8 31. Bg5 fxg4+ 32. Kxg4 Be1 33.
Bxh4 Re4+ 34. f4 Bxh4 35. Kxh4 Rxf4+ 1/2-1/2

[Event "Xtracon Skakligaen"]
[Site "Denmark"]
[Date "2016.01.24"]
[Round "6.6"]
[White "Vinther Schou, Uffe"]
[Black "Nielsen, Jan"]
[Result "1-0"]
[WhiteElo "2374"]
[BlackElo "2096"]
[PlyCount "49"]
[EventDate "2015.10.31"]
[EventType "team-tourn"]
[EventRounds "9"]
[EventCountry "DEN"]
[WhiteTeam "AarhusSkolerne"]
[BlackTeam "Jetsmark"]
[WhiteTeamCountry "DEN"]
[BlackTeamCountry "DEN"]

1. c4 e5 2. g3 Nc6 3. Bg2 g6 4. Nc3 Bg7 5. e3 d6 6. Nge2 Be6 7. Qa4 Qd7 8. Nd5
f5 9. d3 Nf6 10. Nec3 O-O 11. O-O Ne8 12. b4 Nd8 13. b5 c6 14. bxc6 bxc6 15.
Nb6 axb6 16. Qxa8 e4 17. Bb2 exd3 18. Qa4 f4 19. exf4 Bh3 20. Qd1 b5 21. cxb5
cxb5 22. Qxd3 Bxg2 23. Kxg2 Nc7 24. Rab1 Nb7 25. Nxb5 1-0

[Event "Xtracon Skakligaen"]
[Site "Denmark"]
[Date "2016.01.24"]
[Round "6.7"]
[White "Hoffmann, Tobias Breinholt"]
[Black "Ochsner, Thomas"]
[Result "0-1"]
[WhiteElo "2029"]
[BlackElo "2326"]
[PlyCount "76"]
[EventDate "2015.10.31"]
[EventType "team-tourn"]
[EventRounds "9"]
[EventCountry "DEN"]
[WhiteTeam "Jetsmark"]
[BlackTeam "AarhusSkolerne"]
[WhiteTeamCountry "DEN"]
[BlackTeamCountry "DEN"]

1. c4 Nf6 2. Nc3 e6 3. g3 d5 4. Bg2 Be7 5. Nf3 O-O 6. O-O b6 7. Ne5 Bb7 8. d4
Na6 9. Bg5 h6 10. Bxf6 Bxf6 11. cxd5 exd5 12. Ng4 Be7 13. Ne3 c6 14. Rc1 Re8
15. Qd2 Bf8 16. Rfd1 Qd7 17. a3 Nc7 18. b4 g6 19. Qc2 h5 20. Nf1 Bh6 21. e3 Bf8
22. Na4 Nb5 23. Qb3 Nd6 24. Nd2 h4 25. Nb2 Ba6 26. Re1 h3 27. Bh1 Ne4 28. Nxe4
dxe4 29. Qc2 f5 30. Qxc6 Qf7 31. Qa4 Bb7 32. Nc4 Qe6 33. Ne5 Bd6 34. Nc6 Qd5
35. b5 a6 36. bxa6 Rxa6 37. Qc4 Qxc4 38. Rxc4 b5 0-1

[Event "Xtracon Skakligaen"]
[Site "Denmark"]
[Date "2016.01.24"]
[Round "6.8"]
[White "Rendboe, John Filip"]
[Black "Luther, Lasse"]
[Result "1/2-1/2"]
[WhiteElo "2181"]
[BlackElo "2051"]
[PlyCount "164"]
[EventDate "2015.10.31"]
[EventType "team-tourn"]
[EventRounds "9"]
[EventCountry "DEN"]
[WhiteTeam "AarhusSkolerne"]
[BlackTeam "Jetsmark"]
[WhiteTeamCountry "DEN"]
[BlackTeamCountry "DEN"]

1. d4 e6 2. c4 f5 3. g3 Nf6 4. Bg2 Be7 5. Nh3 d6 6. O-O e5 7. Nc3 O-O 8. dxe5
dxe5 9. Qxd8 Bxd8 10. b3 Nc6 11. Bb2 Re8 12. Rad1 a5 13. Na4 Ng4 14. Bd5+ Kh8
15. e4 fxe4 16. Bxe4 Ne3 17. fxe3 Bxh3 18. Bg2 Bxg2 19. Kxg2 Bf6 20. Nc5 b6 21.
Nd7 Bg5 22. Kf3 Rad8 23. h4 Bf6 24. Ke2 Re6 25. Nxf6 gxf6 26. g4 Red6 27. Rxd6
Rxd6 28. a4 Kg7 29. Ba3 Nb4 30. Bxb4 axb4 31. Rc1 e4 32. c5 Rd3 33. cxb6 cxb6
34. Rc4 Rxb3 35. Rxe4 Rb1 36. Kd3 Kf7 37. Kc2 Rh1 38. h5 f5 39. Rf4 Ra1 40.
Rxf5+ Ke6 41. Rb5 Rxa4 42. Rxb6+ Kd5 43. g5 Ke4 44. Rb7 Ra5 45. Rxh7 Rxg5 46.
Re7+ Kf5 47. h6 Rh5 48. h7 Kg6 49. Kb3 Rh4 50. Rb7 Kf6 51. Ka4 Ke6 52. Kb3 Kd6
53. Kc2 Ke5 54. Kd3 Kd6 55. e4 Ke6 56. Kd4 Kd6 57. Rb6+ Kc7 58. Rxb4 Rxh7 59.
Kd5 Rh6 60. e5 Kd8 61. Rb7 Rg6 62. Ke4 Ke8 63. Kf5 Ra6 64. Rh7 Rb6 65. Rh8+ Ke7
66. Rh7+ Ke8 67. Rc7 Ra6 68. Rc1 Ke7 69. Rb1 Rc6 70. Ra1 Rb6 71. Ra5 Rc6 72.
Ra7+ Ke8 73. Ke4 Rb6 74. Kd5 Rh6 75. Rc7 Rg6 76. Rc6 Rxc6 77. Kxc6 Ke7 78. Kd5
Kd7 79. e6+ Ke7 80. Ke5 Ke8 81. Kf6 Kf8 82. e7+ Ke8 1/2-1/2

[Event "Xtracon Skakligaen"]
[Site "Denmark"]
[Date "2016.02.07"]
[Round "7.1"]
[White "Ochsner, Bjorn Moller"]
[Black "Jahncke, Giso"]
[Result "1-0"]
[WhiteElo "2405"]
[BlackElo "2285"]
[PlyCount "133"]
[EventDate "2015.10.31"]
[EventType "team-tourn"]
[EventRounds "9"]
[EventCountry "DEN"]
[WhiteTeam "AarhusSkolerne"]
[BlackTeam "Bov"]
[WhiteTeamCountry "DEN"]
[BlackTeamCountry "DEN"]

1. e4 e5 2. Nf3 Nc6 3. Bb5 a6 4. Ba4 Nf6 5. O-O Be7 6. Re1 b5 7. Bb3 d6 8. c3
O-O 9. h3 Nb8 10. d4 Nbd7 11. Nbd2 Bb7 12. Bc2 Re8 13. b3 Bf8 14. Bb2 Rb8 15.
Bd3 g6 16. Qc2 Nh5 17. c4 c6 18. b4 exd4 19. Bxd4 c5 20. Bb2 cxb4 21. cxb5 Rc8
22. Qb1 a5 23. Bc4 Nf4 24. h4 Ne5 25. Bf1 Nxf3+ 26. Nxf3 d5 27. e5 d4 28. Ng5
Bg7 29. Qd1 h6 30. Nf3 d3 31. Re3 Rc2 32. Rb1 Qc8 33. Ne1 Rc4 34. Nxd3 Nxd3 35.
Rxd3 Be4 36. Rd7 Bxb1 37. Bxc4 Qxc4 38. Qxb1 Qxb5 39. Qd1 Qc4 40. h5 g5 41. Rd8
Qe6 42. Qd4 Qe7 43. Rxe8+ Qxe8 44. Qd5 a4 45. g3 Bf8 46. Bd4 Qc8 47. Kg2 a3 48.
f3 Qc2+ 49. Kh3 Qf5+ 50. g4 Qe6 51. Qxe6 fxe6 52. Kg2 Kf7 53. Kf2 Ke8 54. Ke2
Kd7 55. Kd3 Kc6 56. Kc4 Be7 57. Be3 Bf8 58. Bd2 b3 59. Kxb3 Kd5 60. Bb4 Bg7 61.
Bd6 Bxe5 62. Bxe5 Kxe5 63. Kxa3 Kf4 64. Kb3 Kxf3 65. a4 Kxg4 66. a5 Kxh5 67. a6
1-0

[Event "Xtracon Skakligaen"]
[Site "Denmark"]
[Date "2016.02.07"]
[Round "7.2"]
[White "Schwarz, Frank"]
[Black "Hagen, Andreas Skytte"]
[Result "1/2-1/2"]
[WhiteElo "2258"]
[BlackElo "2396"]
[PlyCount "55"]
[EventDate "2015.10.31"]
[EventType "team-tourn"]
[EventRounds "9"]
[EventCountry "DEN"]
[WhiteTeam "Bov"]
[BlackTeam "AarhusSkolerne"]
[WhiteTeamCountry "DEN"]
[BlackTeamCountry "DEN"]

1. d4 Nf6 2. Bf4 d5 3. e3 c5 4. Nf3 Nc6 5. Be2 Bg4 6. O-O e6 7. c3 Be7 8. Nbd2
O-O 9. h3 Bh5 10. Ne5 Nxe5 11. dxe5 Bxe2 12. Qxe2 Ne4 13. Nxe4 dxe4 14. Rad1
Qc7 15. Qg4 Rfd8 16. Bg3 Qc6 17. Bh4 Bxh4 18. Qxh4 Rd3 19. c4 Qa4 20. b3 Qxa2
21. Qxe4 Rxd1 22. Rxd1 Qxb3 23. Rb1 Qc3 24. Rxb7 h6 25. Rxf7 Kxf7 26. Qb7+ Kg6
27. Qe4+ Kf7 28. Qb7+ 1/2-1/2

[Event "Xtracon Skakligaen"]
[Site "Denmark"]
[Date "2016.02.07"]
[Round "7.3"]
[White "Skytte, Rasmus"]
[Black "Reinecker, Kai"]
[Result "1-0"]
[WhiteElo "2413"]
[BlackElo "2246"]
[PlyCount "67"]
[EventDate "2015.10.31"]
[EventType "team-tourn"]
[EventRounds "9"]
[EventCountry "DEN"]
[WhiteTeam "AarhusSkolerne"]
[BlackTeam "Bov"]
[WhiteTeamCountry "DEN"]
[BlackTeamCountry "DEN"]

1. d4 Nf6 2. c4 e6 3. Nc3 d5 4. cxd5 exd5 5. Bg5 c6 6. e3 Bf5 7. Qf3 Bg6 8.
Bxf6 Qxf6 9. Qxf6 gxf6 10. h4 h5 11. g3 Bd6 12. Nge2 Nd7 13. Bh3 f5 14. Rc1 Nf6
15. f3 O-O 16. Kf2 Rfe8 17. Nf4 Re7 18. Rhe1 Rae8 19. Bf1 Kg7 20. a3 a5 21. Na4
Nd7 22. Nd3 Kf8 23. Nac5 Nb6 24. Nf4 a4 25. Rc3 Ra8 26. Rec1 Bxc5 27. Rxc5 Ree8
28. R5c3 Nc8 29. Nd3 Nd6 30. Ne5 Kg7 31. Nd7 Ra7 32. Nb6 Nc8 33. Nxd5 cxd5 34.
Rxc8 1-0

[Event "Xtracon Skakligaen"]
[Site "Denmark"]
[Date "2016.02.07"]
[Round "7.4"]
[White "Kevorkov, Artur"]
[Black "Sorensen, Jan"]
[Result "0-1"]
[WhiteElo "2228"]
[BlackElo "2435"]
[PlyCount "60"]
[EventDate "2015.10.31"]
[EventType "team-tourn"]
[EventRounds "9"]
[EventCountry "DEN"]
[WhiteTeam "Bov"]
[BlackTeam "AarhusSkolerne"]
[WhiteTeamCountry "DEN"]
[BlackTeamCountry "DEN"]

1. e4 e6 2. d3 d5 3. Nd2 Nf6 4. Ngf3 Bc5 5. e5 Nfd7 6. c3 a5 7. Qa4 O-O 8. d4
Be7 9. Bd3 c5 10. O-O Nc6 11. Re1 Qb6 12. Bb1 cxd4 13. cxd4 g6 14. Nf1 f6 15.
exf6 Nxf6 16. Re2 Nh5 17. Bh6 Nf4 18. Rd2 Nh3+ 19. Kh1 Rf7 20. a3 Bd7 21. Qd1
Nf4 22. Ne3 Bd6 23. Ng5 Re7 24. Ba2 Nd8 25. Qf3 Nf7 26. Ng4 Nxh6 27. Nxh6+ Kg7
28. Nhf7 h6 29. Nxd6 hxg5 30. g3 Nh5 0-1

[Event "Xtracon Skakligaen"]
[Site "Denmark"]
[Date "2016.02.07"]
[Round "7.5"]
[White "Christensen, Tobias Bent"]
[Black "Hertel, Peter"]
[Result "1-0"]
[WhiteElo "2349"]
[BlackElo "2203"]
[PlyCount "54"]
[EventDate "2015.10.31"]
[EventType "team-tourn"]
[EventRounds "9"]
[EventCountry "DEN"]
[WhiteTeam "AarhusSkolerne"]
[BlackTeam "Bov"]
[WhiteTeamCountry "DEN"]
[BlackTeamCountry "DEN"]

1. d4 d5 2. Nf3 Nf6 3. Bf4 c6 4. e3 Bf5 5. c4 Bxb1 6. Qxb1 Qa5+ 7. b4 Qa3 8.
Qb3 Qxb3 9. axb3 e5 10. Nxe5 Bxb4+ 11. Kd1 Be7 12. h3 Nbd7 13. Bd3 O-O 14. Nxd7
Nxd7 15. cxd5 cxd5 16. Ke2 Nb8 17. Ra5 Rd8 18. Rc1 a6 19. Bc7 Re8 20. Rxd5 Nc6
21. Rd7 Rac8 22. Kd1 g6 23. Bxa6 Nb8 24. Bxb8 Rxc1+ 25. Kxc1 Ba3+ 26. Kd2 Bb4+
27. Kd3 Rxb8 1-0

[Event "Xtracon Skakligaen"]
[Site "Denmark"]
[Date "2016.02.07"]
[Round "7.6"]
[White "Schutte, Andreas"]
[Black "Ochsner, Thomas"]
[Result "1-0"]
[WhiteElo "2182"]
[BlackElo "2326"]
[PlyCount "53"]
[EventDate "2015.10.31"]
[EventType "team-tourn"]
[EventRounds "9"]
[EventCountry "DEN"]
[WhiteTeam "Bov"]
[BlackTeam "AarhusSkolerne"]
[WhiteTeamCountry "DEN"]
[BlackTeamCountry "DEN"]

1. d4 Nf6 2. Bg5 Ne4 3. Bf4 d5 4. e3 e6 5. Bd3 Bd6 6. Bxe4 dxe4 7. Nc3 f5 8.
Qh5+ g6 9. Qh6 Bxf4 10. Qg7 Rf8 11. exf4 Qd7 12. Qh6 b5 13. Nh3 b4 14. Ne2 Ba6
15. Ng5 Rh8 16. d5 Bxe2 17. dxe6 Qb5 18. Qg7 Bh5 19. Qxh8+ Ke7 20. Qg7+ Kd6 21.
Qf8+ Kc6 22. Qe8+ Kb6 23. Qxb5+ Kxb5 24. Nxh7 Nc6 25. Nf6 Rf8 26. Nxh5 gxh5 27.
O-O-O 1-0

[Event "Xtracon Skakligaen"]
[Site "Denmark"]
[Date "2016.02.07"]
[Round "7.8"]
[White "Lorenzen, Jan Hendrik"]
[Black "Hagen, Kresten Skytte"]
[Result "1/2-1/2"]
[WhiteElo "2003"]
[BlackElo "2164"]
[PlyCount "49"]
[EventDate "2015.10.31"]
[EventType "team-tourn"]
[EventRounds "9"]
[EventCountry "DEN"]
[WhiteTeam "Bov"]
[BlackTeam "AarhusSkolerne"]
[WhiteTeamCountry "DEN"]
[BlackTeamCountry "DEN"]

1. d4 Nf6 2. Nf3 g6 3. g3 Bg7 4. Bg2 O-O 5. O-O d5 6. Nbd2 c6 7. c3 Nbd7 8. Re1
Re8 9. e4 dxe4 10. Nxe4 Nxe4 11. Rxe4 Nf6 12. Re2 Bf5 13. Qb3 Qb6 14. Ne5 Be6
15. Qc2 Rad8 16. Bg5 Qa6 17. Bf1 Qb6 18. Ree1 Nd5 19. Nc4 Qc7 20. h4 Bf5 21.
Qc1 c5 22. dxc5 Qxc5 23. Ne3 Be6 24. Nxd5 Bxd5 25. Qe3 1/2-1/2

[Event "Xtracon Skakligaen"]
[Site "Denmark"]
[Date "2016.02.07"]
[Round "7.1"]
[White "Andersen, Mads"]
[Black "Pedersen, Christian Kyndel"]
[Result "1/2-1/2"]
[WhiteElo "2457"]
[BlackElo "2418"]
[PlyCount "112"]
[EventDate "2015.10.31"]
[EventType "team-tourn"]
[EventRounds "9"]
[EventCountry "DEN"]
[WhiteTeam "Skanderborg"]
[BlackTeam "Jetsmark"]
[WhiteTeamCountry "DEN"]
[BlackTeamCountry "DEN"]

1. d4 Nf6 2. c4 e6 3. Nf3 d5 4. Nc3 Nbd7 5. Bf4 a6 6. e3 dxc4 7. a4 Bd6 8. Bxc4
Bxf4 9. exf4 Nb6 10. Be2 Nbd5 11. Qd2 O-O 12. O-O b6 13. Ne5 Bb7 14. Bf3 Qd6
15. Nc4 Qd7 16. Ne5 Qd6 17. Nc4 Qd7 18. Ne5 Qd6 1/2-1/2

[Event "Xtracon Skakligaen"]
[Site "Denmark"]
[Date "2016.02.07"]
[Round "7.2"]
[White "Jensen, Bjarke"]
[Black "Semcesen, Daniel"]
[Result "0-1"]
[WhiteElo "2366"]
[BlackElo "2436"]
[PlyCount "74"]
[EventDate "2015.10.31"]
[EventType "team-tourn"]
[EventRounds "9"]
[EventCountry "DEN"]
[WhiteTeam "Jetsmark"]
[BlackTeam "Skanderborg"]
[WhiteTeamCountry "DEN"]
[BlackTeamCountry "DEN"]

1. e4 e5 2. Nf3 Nc6 3. Bb5 a6 4. Ba4 Nf6 5. O-O Nxe4 6. d4 b5 7. Bb3 d5 8. dxe5
Be6 9. Be3 Be7 10. Qe2 O-O 11. Rd1 Bc5 12. Nbd2 Bxe3 13. Qxe3 Nxd2 14. Rxd2 Na5
15. Qc5 c6 16. c3 Qc7 17. Qe3 Rad8 18. Rd4 c5 19. Rh4 Bf5 20. Nd2 Rfe8 21. f4
d4 22. cxd4 Rxd4 23. Qf2 Qd8 24. Nf3 Nxb3 25. axb3 Rd1+ 26. Rxd1 Qxd1+ 27. Ne1
Rd8 28. g4 Rd2 29. gxf5 Rxf2 30. Kxf2 Qxb3 0-1

[Event "Xtracon Skakligaen"]
[Site "Denmark"]
[Date "2016.02.07"]
[Round "7.3"]
[White "Pedersen, Nicolai Vesterbaek"]
[Black "Thybo, Jesper Sondergaard"]
[Result "1-0"]
[WhiteElo "2403"]
[BlackElo "2289"]
[PlyCount "83"]
[EventDate "2015.10.31"]
[EventType "team-tourn"]
[EventRounds "9"]
[EventCountry "DEN"]
[WhiteTeam "Skanderborg"]
[BlackTeam "Jetsmark"]
[WhiteTeamCountry "DEN"]
[BlackTeamCountry "DEN"]

1. Nf3 c5 2. b3 Nf6 3. Bb2 d5 4. e3 e6 5. d4 Nc6 6. a3 Be7 7. Nbd2 O-O 8. Bd3
b6 9. O-O Bb7 10. Qe2 Qc7 11. dxc5 bxc5 12. c4 a5 13. cxd5 exd5 14. Rac1 Qb6
15. e4 Nd4 16. Nxd4 cxd4 17. exd5 Rfe8 18. Bb5 Bxa3 19. Bxe8 Rxe8 20. Qxe8+
Nxe8 21. Bxa3 Bxd5 22. Rfe1 Qd8 23. Be7 Qd7 24. Bc5 Be6 25. Re4 d3 26. Rd4 Qb5
27. Rc3 Bf5 28. g4 Bg6 29. f4 f5 30. g5 Nc7 31. Rdxd3 Ne6 32. Be3 Qb8 33. Rd7
Kf8 34. Rcd3 Be8 35. R7d5 Ke7 36. Re5 g6 37. Nc4 Bb5 38. Bc5+ Kf7 39. Nd6+ Kg7
40. Nxb5 Qxb5 1-0